Polarización, desarrollo e integración (Registro nro. 17050)

Detalles MARC
000 -LEADER
fixed length control field 00326 a2200109 4500
001 - CONTROL NUMBER
control field ART_7634
005 - DATE AND TIME OF LATEST TRANSACTION
control field 20260410161722.0
008 - FIXED-LENGTH DATA ELEMENTS--GENERAL INFORMATION
fixed length control field 260409a
100 1# - MAIN ENTRY--PERSONAL NAME
Personal name Coraggio, José Luis
245 10 - TITLE STATEMENT
Title Polarización, desarrollo e integración
773 0# - HOST ITEM ENTRY
Title Revista de la integración
Related parts - Nº 13 (may. 1973)
Record control number REV1815

No hay ítems disponibles.